[Event "Druzynowe Mistrzostwa Polski w Szachach I LIGA 2021"]
[Site "Szklarska Poreba"]
[Date "1899-12-30"]
[Round "7.16"]
[White "Tomaszewski, Roman"]
[Black "Redzisz, Michal"]
[Result "0-1"]
[WhiteTitle "IM"]
[BlackTitle "FM"]
[WhiteElo "2193"]
[BlackElo "2219"]

1. c4 e5 2. Nc3 d6 3. d4 exd4 4. Qxd4 Nc6 5. Qd2 Nf6 6. b3 g6 7. Bb2 Bg7 8. g3
Be6 9. Bg2 O-O 10. Nd5 a5 11. Nh3 Bxh3 12. Nxf6+ Bxf6 13. Bxh3 Re8 14. Bg2 a4
15. O-O Bxb2 16. Qxb2 a3 17. Qd2 Qf6 18. Rfd1 h5 19. h4 Re5 20. f4 Re7 21. Rac1
Qf5 22. e4 Qc5+ 23. Kh2 Rae8 24. Bf3 Kh7 25. Kg2 f5 26. exf5 Qxf5 27. Qd5 Qf6
28. Qd2 Re3 29. c5 dxc5 30. Rxc5 R8e7 31. Rd5 Kh6 32. Rc1 Qe6 33. Rcc5 Kg7 34.
Rg5 Rxf3 35. Kxf3 Qe4+ 36. Kf2 Nd4 37. Rce5 Qf3+ 38. Kg1 Ne2+ 39. Rxe2 Rxe2 40.
Qd7+ Kh6 0-1

[Event "Druzynowe Mistrzostwa Polski w Szachach I LIGA 2021"]
[Site "Szklarska Poreba"]
[Date "1899-12-30"]
[Round "7.17"]
[White "Galuszka, Tomasz"]
[Black "Kaliszuk, Kamil"]
[Result "1/2-1/2"]
[WhiteTitle "k+"]
[BlackTitle "I+"]
[WhiteElo "2212"]
[BlackElo "1717"]

1. e4 e5 2. Nf3 Nc6 3. Bb5 a6 4. Bxc6 dxc6 5. d3 Bd6 6. Nbd2 Ne7 7. Nc4 Ng6 8.
Ne3 O-O 9. h4 f6 10. h5 Ne7 11. Nh4 f5 12. Nexf5 Bxf5 13. Nxf5 Nxf5 14. exf5 Rxf5
15. Qg4 Rf8 16. Be3 Qe7 17. O-O-O a5 18. Kb1 b5 19. Qe4 c5 20. Rh4 Kh8 21. Rg4
Qf7 22. Rh1 a4 23. Rh3 Qf5 24. Qxf5 Rxf5 25. c3 Rb8 26. Re4 h6 27. Kc1 Kh7 28.
c4 b4 29. Kd1 Rbf8 30. Ke2 R8f7 31. f3 Re7 32. Bc1 Rd7 33. Bd2 Rf8 34. Be3 Rfd8
35. Rh1 Kg8 36. Rd1 Rf7 37. Rh1 Rfd7 38. Bf2 Rf8 39. Be3 Rfd8 40. Bf2 Rf8 41.
g4 Rdf7 42. Rh3 Re7 43. Bh4 Re6 44. Rg3 Kh7 1/2-1/2

[Event "Druzynowe Mistrzostwa Polski w Szachach I LIGA 2021"]
[Site "Szklarska Poreba"]
[Date "1899-12-30"]
[Round "7.18"]
[White "Lach, Aleksandra"]
[Black "Adamczyk, Zuzanna"]
[Result "1-0"]
[WhiteTitle "WIM"]
[BlackTitle "WCM"]
[WhiteElo "2157"]
[BlackElo "2055"]

1. e4 c6 2. Nc3 d5 3. Nf3 dxe4 4. Nxe4 Nf6 5. Qe2 Nxe4 6. Qxe4 Qa5 7. Bc4 Qf5 8.
Qxf5 Bxf5 9. d3 e6 10. O-O Bd6 11. Re1 h6 12. Bd2 Bh7 13. Nd4 Kd7 14. a4 a5 15.
Nb3 b6 16. Bc3 Rg8 17. Re2 Na6 18. Bxa6 Rxa6 19. g3 Bb4 20. Bd4 f6 21. Be3 e5
22. c3 Bd6 23. d4 Bd3 24. Rd2 e4 25. Nc1 Bc4 26. b3 Be6 27. f3 exf3 28. Kf2 Bd5
29. c4 Be4 30. Nd3 g5 31. Nc5+ bxc5 32. dxc5 Rb8 33. Rxd6+ Ke7 34. Bd4 Rxb3 35.
Bxf6+ Kf7 36. Re1 Bb1 37. Re7+ Kg6 38. g4 1-0

[Event "Druzynowe Mistrzostwa Polski w Szachach I LIGA 2021"]
[Site "Szklarska Poreba"]
[Date "1899-12-30"]
[Round "7.19"]
[White "Kowalski, Igor"]
[Black "Kaczmarek, Aleksander"]
[Result "0-1"]
[WhiteTitle "FM"]
[BlackTitle "FM"]
[WhiteElo "2378"]
[BlackElo "2368"]

1. Nf3 Nf6 2. b3 d6 3. Bb2 e5 4. c4 Be7 5. d3 O-O 6. Nbd2 a5 7. a3 Ng4 8. e3 f5
9. Be2 c5 10. Qc2 Nc6 11. Nb1 Bg5 12. h3 Nxe3 13. fxe3 Bxe3 14. Nc3 Re8 15. Nd5
e4 16. dxe4 fxe4 17. Nh2 Nd4 18. Qc3 Qh4+ 19. Kd1 Bh6 20. Rf1 Qg5 21. g4 Be6 22.
Nc7 Qe5 23. Rf2 Rf8 24. Rxf8+ Rxf8 25. Nxe6 Qxe6 26. Qg3 Bf4 27. Qg2 Nxb3 28.
Rb1 Nd4 29. Nf1 Qe8 30. Bxd4 cxd4 31. Nd2 Qa4+ 32. Nb3 d3 33. Bxd3 exd3 34. Qd5+
Kh8 35. Qxd3 Be5 36. Ke2 Qc6 37. Qd5 Qb6 38. Nd2 Rf2+ 39. Ke1 Qe3+ 40. Kd1 Bc3
41. Qg8+ 0-1

[Event "Druzynowe Mistrzostwa Polski w Szachach I LIGA 2021"]
[Site "Szklarska Poreba"]
[Date "1899-12-30"]
[Round "7.20"]
[White "Gahan, M G"]
[Black "Sanz, Wawer Daniel"]
[Result "0-1"]
[WhiteTitle "FM"]
[BlackTitle "FM"]
[WhiteElo "2279"]
[BlackElo "2359"]

1. e4 c6 2. d4 d5 3. e5 c5 4. dxc5 e6 5. a3 Bxc5 6. Nf3 Ne7 7. Bd3 Ng6 8. O-O O-O
9. h4 Nc6 10. b4 Be7 11. Bxg6 fxg6 12. g3 b6 13. Qd3 Bb7 14. Bb2 d4 15. Nbd2 Rf5
16. Nxd4 Nxd4 17. Qxd4 Qc7 18. Qc4 Qd7 19. Rad1 Rc8 20. Nb3 Bd5 21. Qe2 Qc7 22.
Nd4 Rxe5 23. Qd2 Ba8 24. f4 Re4 25. Nf3 Rd8 26. Qf2 Rc4 27. Be5 Qc6 28. Rxd8+
Bxd8 29. c3 b5 30. Kh2 Bb6 31. Qd2 Re4 32. Bd4 h6 33. Ne5 Qd5 34. Nf3 Bxd4 35.
cxd4 Qb3 36. Ne5 Re3 37. Rg1 Rc3 38. Kh3 Be4 39. Ng4 Bf5 0-1

[Event "Druzynowe Mistrzostwa Polski w Szachach I LIGA 2021"]
[Site "Szklarska Poreba"]
[Date "1899-12-30"]
[Round "7.22"]
[White "Kulesza, Andrzej"]
[Black "Chylewski, Patryk"]
[Result "0-1"]
[WhiteTitle "I++"]
[BlackTitle "FM"]
[WhiteElo "1983"]
[BlackElo "2301"]

1. e4 c5 2. Nf3 e6 3. d4 cxd4 4. Nxd4 Nc6 5. Nc3 Qc7 6. Be3 a6 7. Qd2 Nf6 8. O-O-O
Bb4 9. f3 Ne5 10. g4 h6 11. Bf4 b5 12. Nc6 Qxc6 13. Bxe5 Bb7 14. Bg2 O-O-O 15.
Qf4 Be7 16. Qg3 d6 17. Bf4 b4 18. Rd3 Kb8 19. Nd1 Ka8 20. Kb1 a5 21. Qe1 d5 22.
exd5 Nxd5 23. Bc1 Rc8 24. Qf2 Bc5 25. Qe1 Ba6 26. Rd2 Bd6 27. Bf1 Bf4 28. Rf2
Bxf1 29. Rhxf1 Bxc1 30. Kxc1 Nf4 31. Qe3 g5 32. Kb1 Rhd8 33. c3 Nd5 34. Qe4 f5
35. gxf5 exf5 36. Qxf5 bxc3 37. Rc2 Qb5 38. Re1 Rc5 39. Qe4 Rc4 40. Qd3 Rd7 41.
Qe2 Re7 42. Qf1 Rxe1 43. Qxe1 Nb4 44. Rxc3 Qa4 45. a3 Rxc3 46. axb4 Rc4 47. Nc3
Qxb4 48. Kc2 Rc8 49. Qe6 Qa4+ 50. Kb1 Qc6 51. Qf5 Qc5 52. Qe4+ Kb8 53. h4 gxh4
54. Qxh4 h5 55. Qf6 Rf8 56. Qh4 Qf5+ 57. Ka1 Qxf3 58. Qd4 Qf1+ 59. Ka2 Qf7+ 60.
Nd5 Qe6 61. b3 Rd8 62. Qf4+ Qd6 63. Qe3 Qxd5 64. Qb6+ Kc8 65. Qa6+ Qb7 66. Qe6+
Kb8 67. Qe5+ Qc7 68. Qb5+ Ka7 69. Qe2 Qc5 70. Qg2 Qd4 0-1

[Event "Druzynowe Mistrzostwa Polski w Szachach I LIGA 2021"]
[Site "Szklarska Poreba"]
[Date "1899-12-30"]
[Round "7.23"]
[White "Golecki, Jan"]
[Black "Paprocki, Antoni"]
[Result "1-0"]
[WhiteTitle "k"]
[BlackTitle "I++"]
[WhiteElo "2249"]
[BlackElo "1894"]

1. Nf3 Nf6 2. c4 e6 3. d4 b6 4. g3 Ba6 5. b3 Bb4+ 6. Bd2 Be7 7. Bg2 c6 8. Nc3 d5
9. Ne5 Nfd7 10. Nxd7 Nxd7 11. cxd5 cxd5 12. O-O Rc8 13. a4 Bf6 14. Nb5 Bxb5 15.
axb5 Bxd4 16. Rxa7 Ra8 17. Rxa8 Qxa8 18. e3 Bc5 19. Qg4 O-O 20. Bc3 g6 21. Ra1
Qd8 22. Ra7 Nf6 23. Qf4 d4 24. exd4 Bd6 25. Qg5 Qc8 26. Ba1 Nd5 27. Bxd5 exd5
28. Qxd5 Qc1+ 29. Kg2 Ba3 30. Bc3 Qxc3 31. Rxa3 Qc7 32. Ra8 Rxa8 33. Qxa8+ Kg7
34. Qc6 Qe7 35. Kf1 Qb4 36. Qxb6 Qxb3 37. Qc6 Qd1+ 38. Kg2 Qxd4 39. b6 Qb4 40.
b7 Qb3 41. h4 h5 42. Qc7 Qd5+ 43. Kh2 Qf3 44. Qe5+ Kh7 45. Qb2 1-0

[Event "Druzynowe Mistrzostwa Polski w Szachach I LIGA 2021"]
[Site "Szklarska Poreba"]
[Date "1899-12-30"]
[Round "7.24"]
[White "Budkiewicz, Magdalena"]
[Black "Moscicka, Pola"]
[Result "1/2-1/2"]
[WhiteTitle "k"]
[BlackTitle "k++"]
[WhiteElo "1827"]
[BlackElo "1916"]

1. e4 c5 2. Nf3 Nc6 3. d4 cxd4 4. Nxd4 Nf6 5. Nc3 e5 6. Ndb5 d6 7. Bg5 a6 8. Na3
b5 9. Nd5 Be7 10. Bxf6 Bxf6 11. c3 O-O 12. Nc2 Rb8 13. Be2 Bg5 14. O-O Be6 15.
Nce3 g6 16. Kh1 Bh6 17. f4 exf4 18. Nxf4 Bg7 19. Nxe6 fxe6 20. Qb3 Re8 21. Bg4
Qe7 22. Nd5 exd5 23. Qxd5+ Kh8 24. Qxc6 Qxe4 25. Qxe4 Rxe4 1/2-1/2

[Event "Druzynowe Mistrzostwa Polski w Szachach I LIGA 2021"]
[Site "Szklarska Poreba"]
[Date "1899-12-30"]
[Round "7.25"]
[White "Sieciechowicz, Marcin"]
[Black "Kosakowski, Jakub"]
[Result "1/2-1/2"]
[WhiteTitle "IM"]
[BlackTitle "IM"]
[WhiteElo "2362"]
[BlackElo "2445"]

1. d4 Nf6 2. Bf4 c5 3. e3 Nd5 4. Bg3 Qb6 5. Nc3 Nxc3 6. bxc3 e6 7. Bd3 cxd4 8.
cxd4 Qa5+ 9. Ke2 Nc6 10. Nf3 Nb4 11. Qd2 b6 12. a3 Nxd3 13. Qxa5 Nf4+ 14. Bxf4
bxa5 15. Rhb1 Ba6+ 16. Kd1 d6 17. Rb2 Be7 18. Rab1 O-O 19. e4 Rfc8 20. Bd2 Bd8
21. Bf4 Bc7 22. Nd2 Bb6 23. Be3 g6 24. Rb3 Kg7 25. d5 Bxe3 26. Rxe3 exd5 27. exd5
Rc5 28. Re7 Rxd5 29. Rb3 Kf8 30. Rc7 Re5 31. Re3 Rf5 32. Rf3 Rxf3 33. Nxf3 Re8
34. Ng5 Re5 35. Rxf7+ Kg8 36. Rxa7 Rd5+ 37. Ke1 Re5+ 38. Kd1 Rxg5 39. Rxa6 Rxg2
40. Ke2 Rxh2 41. Rxa5 Kf7 42. a4 Rh1 43. Ra8 1/2-1/2

[Event "Druzynowe Mistrzostwa Polski w Szachach I LIGA 2021"]
[Site "Szklarska Poreba"]
[Date "1899-12-30"]
[Round "7.26"]
[White "Pacan-milej, Kosma"]
[Black "Reza, Wojciech"]
[Result "1-0"]
[WhiteTitle "FM"]
[BlackTitle "FM"]
[WhiteElo "2401"]
[BlackElo "2259"]

1. d4 d5 2. c4 c6 3. Nf3 e6 4. e3 Nf6 5. Bd3 Nbd7 6. O-O Bd6 7. Nbd2 O-O 8. e4
dxe4 9. Nxe4 Nxe4 10. Bxe4 h6 11. Bc2 c5 12. Qd3 f5 13. Re1 Qe7 14. Be3 Rd8 15.
Rad1 Nf6 16. Qe2 Bd7 17. dxc5 Bxc5 18. Bxc5 Qxc5 19. Ne5 Be8 20. Nd3 Qxc4 21.
Bb3 Qe4 22. Qc2 Qg4 23. Ne5 Rxd1 24. Rxd1 Qe4 25. Bxe6+ Kh8 26. Qxe4 fxe4 27.
h3 Bb5 28. Ng6+ Kh7 29. Bf5 Kg8 30. Rc1 Be8 31. Rc7 Bxg6 32. Bxg6 b6 33. Kf1 Kh8
34. Rb7 Kg8 35. Ke2 Kf8 36. Rf7+ Kg8 37. Rb7 Kf8 38. Ke3 Nd5+ 39. Kxe4 Ne7 40.
Bh5 g6 41. Bg4 Nc6 42. Kd5 Nd8 43. Rc7 Nf7 44. Ke6 Ng5+ 45. Kf6 Rd8 46. Rc8 Ne4+
47. Kxg6 Rxc8 48. Bxc8 Nxf2 49. Kxh6 Nd3 50. g4 Ne5 51. Be6 Ke7 52. Bb3 1-0

[Event "Druzynowe Mistrzostwa Polski w Szachach I LIGA 2021"]
[Site "Szklarska Poreba"]
[Date "1899-12-30"]
[Round "7.27"]
[White "Plichta, Kamil"]
[Black "Olsen, Filip Boe"]
[Result "1-0"]
[WhiteTitle "FM"]
[BlackTitle "IM"]
[WhiteElo "2396"]
[BlackElo "2378"]

1. Nf3 Nf6 2. g3 b5 3. Bg2 Bb7 4. O-O e6 5. d3 c5 6. e4 d6 7. Nh4 Nc6 8. f4 Be7
9. Be3 d5 10. e5 Nd7 11. Nf3 Nb6 12. Nbd2 a5 13. c3 Qc7 14. Bf2 a4 15. Qe2 Ba6
16. h4 c4 17. dxc4 b4 18. cxb4 Nxc4 19. Rfc1 O-O 20. a3 Nxa3 21. Qd1 Nc4 22. Nxc4
Bxc4 23. Rxa4 Rxa4 24. Qxa4 Nxb4 25. Bf1 Qb7 26. Qa7 Qxa7 27. Bxa7 Ra8 28. Bd4
Nc6 29. Be3 Na5 30. Ra1 Bd8 31. b4 1-0

[Event "Druzynowe Mistrzostwa Polski w Szachach I LIGA 2021"]
[Site "Szklarska Poreba"]
[Date "1899-12-30"]
[Round "7.28"]
[White "Maksimenko, Andrei"]
[Black "Budrewicz, Krzysztof"]
[Result "1/2-1/2"]
[WhiteTitle "GM"]
[BlackTitle "m"]
[WhiteElo "2460"]
[BlackElo "2188"]

1. d4 Nf6 2. c4 g6 3. Nc3 Bg7 4. e4 d6 5. Be2 O-O 6. Nf3 e5 7. O-O Nc6 8. d5 Ne7
9. b4 Nh5 10. Re1 h6 11. Nd2 Nf4 12. Bf1 a5 13. bxa5 c5 14. a4 Rxa5 15. Ra3 Ra6
16. Nb5 Bd7 17. g3 Nh5 18. Bg2 Be8 19. Bf3 1/2-1/2

[Event "Druzynowe Mistrzostwa Polski w Szachach I LIGA 2021"]
[Site "Szklarska Poreba"]
[Date "1899-12-30"]
[Round "7.29"]
[White "Renkowski, Piotr"]
[Black "Jakubiec, Artur"]
[Result "1-0"]
[WhiteTitle "k+"]
[BlackTitle "GM"]
[WhiteElo "2178"]
[BlackElo "2438"]

1. e4 c5 2. Nf3 d6 3. d4 cxd4 4. Nxd4 Nf6 5. Nc3 Bd7 6. Be3 Ng4 7. Bc1 Nc6 8. Be2
Nf6 9. Be3 a6 10. O-O e6 11. f4 Nxd4 12. Qxd4 Bc6 13. Rad1 Be7 14. f5 e5 15. Qd3
h6 16. g4 b5 17. a3 Rc8 18. Rf2 Bb7 19. Bf3 Rc4 20. Rg2 Qa8 21. b3 Rxc3 22. Qxc3
Nxe4 23. Qd3 O-O 24. c4 bxc4 25. bxc4 Bc6 26. Rb1 Ng5 27. Bxc6 Qxc6 28. Bxg5 Bxg5
29. Qd5 Be3+ 30. Kh1 Qc7 31. Rgb2 Bc5 32. Rb7 Qa5 33. Rb8 Rxb8 34. Rxb8+ Kh7 35.
Qe4 Qd2 36. f6+ g6 37. Rb1 Qf2 38. g5 hxg5 39. Qg2 Qe3 40. Rf1 e4 41. a4 Bd4 42.
Qg3 Qxg3 43. hxg3 e3 44. Kg2 g4 45. Rf4 e2 46. Re4 Bxf6 47. Rxe2 Bd4 48. Re4 Bc5
49. Rxg4 f5 50. Rh4+ Kg7 51. Kf3 a5 52. Rh1 Kf6 53. Rd1 Ke6 54. Kf4 Kf6 55. Rd5
Bb4 56. g4 fxg4 57. Kxg4 Bc5 58. Kf4 Bb4 59. Rb5 Bd2+ 60. Ke4 g5 61. Rd5 Bb4 62.
Kf3 Ke6 63. Rxg5 Kd7 64. Ke4 Kc6 65. Rd5 Bc5 66. Kf5 Bb4 67. Ke6 Kc7 68. Rh5 Kc6
69. Rb5 Bd2 70. Rb8 Kc5 71. Rc8+ Kb4 72. Kxd6 Kxa4 73. c5 Bf4+ 74. Kd5 Kb5 75.
Rf8 Bg3 76. Rf3 Be1 77. Rb3+ Bb4 78. c6 Kb6 79. Rxb4+ 1-0

[Event "Druzynowe Mistrzostwa Polski w Szachach I LIGA 2021"]
[Site "Szklarska Poreba"]
[Date "1899-12-30"]
[Round "7.30"]
[White "Kubicka, Anna"]
[Black "Dwilewicz, Katarzyna"]
[Result "0-1"]
[WhiteTitle "WIM"]
[BlackTitle "WFM"]
[WhiteElo "2274"]
[BlackElo "2092"]

1. c4 Nf6 2. g3 e6 3. d4 d5 4. Bg2 dxc4 5. Nf3 c5 6. O-O Nc6 7. Qa4 Bd7 8. Qxc4
cxd4 9. Nxd4 Rc8 10. Nc3 Nxd4 11. Qxd4 Bc5 12. Qh4 Bc6 13. Bxc6+ Rxc6 14. Rd1
Qc8 15. Bh6 gxh6 16. Qxf6 Rg8 17. Qxh6 e5 18. Qxh7 Rcg6 19. Ne4 Qf5 20. Qxg8+
Rxg8 21. Nxc5 Qh3 22. Nxb7 Ke7 23. e4 Rh8 24. Nd6 Qxh2+ 25. Kf1 Rb8 26. b3 Qh1+
27. Ke2 Qh5+ 28. Ke3 Qg5+ 29. Kf3 Rd8 30. Nf5+ Ke8 31. Rh1 Rd3+ 32. Ne3 Qf6+ 33.
Ke2 Rd4 34. Rh4 Qa6+ 35. Kf3 Rd2 36. Rh8+ Kd7 37. Kg2 Qf6 38. Nc4 Qxf2+ 39. Kh3
Qg2+ 40. Kg4 Qxe4+ 41. Kh3 Qf5+ 42. g4 Qf3+ 43. Kh4 Rh2+ 44. Kg5 Qf4# 0-1

[Event "Druzynowe Mistrzostwa Polski w Szachach I LIGA 2021"]
[Site "Szklarska Poreba"]
[Date "1899-12-30"]
[Round "7.31"]
[White "Zylka, Stanislaw"]
[Black "Pulpan, Jakub"]
[Result "1-0"]
[WhiteTitle "FM"]
[BlackTitle "IM"]
[WhiteElo "2312"]
[BlackElo "2418"]

1. Nf3 d5 2. g3 Nf6 3. Bg2 Bf5 4. O-O e6 5. d3 Be7 6. c4 c6 7. Nbd2 h6 8. b3 O-O
9. Bb2 Bh7 10. Qc2 Nbd7 11. Rad1 Qb6 12. a3 a5 13. Qc3 Rfd8 14. Bh3 c5 15. cxd5
exd5 16. e4 d4 17. Qc2 a4 18. bxa4 Qa6 19. Nc4 Qxa4 20. Qe2 b5 21. Nce5 Qa6 22.
Nxd7 Nxd7 23. Bxd7 Rxd7 24. Ne5 Rdd8 25. f4 Qe6 26. Rfe1 Bd6 27. Nf3 Bc7 28. Kg2
Ba5 29. f5 Qa2 30. Bc1 Qxe2+ 31. Rxe2 Bc3 32. g4 f6 33. h4 Kh8 34. g5 h5 35. Kh2
b4 36. axb4 cxb4 37. Rg1 b3 38. Rgg2 Ra1 39. Bb2 Rd1 40. gxf6 gxf6 41. Ba3 Re8
42. e5 Ba5 43. Bd6 Bg8 44. exf6 Rxe2 45. Rxe2 Bd8 46. Be5 Bf7 47. Bxd4 Rxd3 48.
Re8+ 1-0

[Event "Druzynowe Mistrzostwa Polski w Szachach I LIGA 2021"]
[Site "Szklarska Poreba"]
[Date "1899-12-30"]
[Round "7.32"]
[White "Licznerski, Lukasz"]
[Black "Nowak, Mikolaj"]
[Result "1-0"]
[WhiteTitle "FM"]
[BlackTitle "k++"]
[WhiteElo "2387"]
[BlackElo "2310"]

1. e4 e5 2. Nf3 Nc6 3. Bb5 Nf6 4. d3 Bc5 5. c3 O-O 6. O-O d6 7. Nbd2 a6 8. Ba4
Ba7 9. h3 Ne7 10. Re1 Ng6 11. Nf1 d5 12. exd5 Nxd5 13. Ng3 Ndf4 14. Bxf4 exf4
15. Ne4 b5 16. Bb3 Bb7 17. Nfg5 h6 18. Qh5 Nh8 19. Nf3 Qxd3 20. Rad1 Qxe4 21.
Rxe4 Bxe4 22. Ne5 Kh7 23. Rd7 Bb6 24. Bd5 Bxd5 25. Rxd5 Rfe8 26. Qf5+ Kg8 27.
Rd7 Rad8 28. Kf1 f3 29. Qxf3 Bc5 30. Qb7 Bd6 31. Rxd8 Rxd8 32. Nc6 Re8 33. Qxa6
Ng6 34. Qxb5 Nf4 35. a4 Re2 36. Qxe2 1-0

[Event "Druzynowe Mistrzostwa Polski w Szachach I LIGA 2021"]
[Site "Szklarska Poreba"]
[Date "1899-12-30"]
[Round "7.33"]
[White "Tomaszewski, Kacper"]
[Black "Lukasiewicz, Krzysztof"]
[Result "1-0"]
[WhiteTitle "FM"]
[BlackTitle "FM"]
[WhiteElo "2302"]
[BlackElo "2290"]

1. d4 Nf6 2. c4 e6 3. Bf4 d5 4. Nc3 Be7 5. e3 O-O 6. a3 c5 7. dxc5 Bxc5 8. Nf3
Re8 9. Bg5 Be7 10. Qc2 Nc6 11. O-O-O Qb6 12. Bxf6 Bxf6 13. cxd5 Bxc3 14. Qxc3
exd5 15. Rxd5 Be6 16. Rb5 Qd8 17. Be2 Rc8 18. Kb1 b6 19. Ng5 a6 20. Nxe6 Rxe6
21. Rh5 Nd4 22. Rd5 Nxe2 23. Rxd8+ Rxd8 24. Qc2 Nf4 25. exf4 Red6 26. Re1 g6 27.
Qc3 Rd2 28. Re8+ 1-0

[Event "Druzynowe Mistrzostwa Polski w Szachach I LIGA 2021"]
[Site "Szklarska Poreba"]
[Date "1899-12-30"]
[Round "7.34"]
[White "Brzeski, Maciej"]
[Black "Koziol, Kamil"]
[Result "1/2-1/2"]
[WhiteTitle "m"]
[BlackTitle "FM"]
[WhiteElo "2358"]
[BlackElo "2276"]

1. e4 c5 2. Nf3 e6 3. d4 cxd4 4. Nxd4 Nf6 5. Nc3 Nc6 6. Ndb5 Bb4 7. a3 Bxc3+ 8.
Nxc3 d5 9. exd5 exd5 10. Bd3 O-O 11. O-O d4 12. Ne2 Bg4 13. Bg5 Re8 14. Re1 Qd6
15. Qd2 Bxe2 16. Bf4 Qd5 17. Bxe2 Ne5 18. Bxe5 Rxe5 19. Bf3 Rxe1+ 20. Rxe1 Qd7
21. Rd1 Rd8 22. Qb4 b6 23. Rd3 Ng4 24. Bxg4 Qxg4 25. Qd2 Re8 26. h3 Qe2 27. Rxd4
g6 28. Qxe2 Rxe2 29. Rc4 Re1+ 30. Kh2 Rb1 31. b3 b5 32. Rb4 a6 33. c4 bxc4 34.
bxc4 Rc1 35. Ra4 h5 36. Kg3 Kg7 37. h4 Rc2 38. Kf3 f6 39. g3 g5 40. Ke3 g4 41.
Rxa6 Rxc4 42. Rd6 Rc2 43. Rd2 Rc3+ 44. Rd3 Rc2 45. f3 gxf3 46. Kxf3 Rc4 47. Ke3
f5 48. Rb3 Rg4 49. Kf3 Ra4 50. Ke2 Rg4 51. Rf3 Kf6 52. Kd2 Ke6 53. Kc2 f4 54.
gxf4 Rxh4 55. a4 Rh1 56. a5 Ra1 57. Re3+ Kd6 58. Re5 h4 59. Kd3 h3 60. Rh5 Ke7
61. Kc4 h2 62. Rxh2 Rxa5 63. Kd4 Kf6 64. Rh6+ Kf7 65. Ke4 Rb5 66. Ra6 Rb4+ 67.
Kf5 Rb5+ 68. Kg4 Rb1 69. Kg5 Rg1+ 70. Kf5 Rb1 71. Ra7+ Kf8 72. Kg5 Rb6 73. f5
Rc6 74. Kf4 Rb6 75. Ke5 Rb5+ 76. Kf6 Rb6+ 77. Kg5 Rc6 78. Ra8+ Kf7 79. Ra7+ 1/2-1/2

[Event "Druzynowe Mistrzostwa Polski w Szachach I LIGA 2021"]
[Site "Szklarska Poreba"]
[Date "1899-12-30"]
[Round "7.35"]
[White "Kucharska, Honorata"]
[Black "Jaskolka, Tomasz"]
[Result "1-0"]
[WhiteTitle "WFM"]
[BlackTitle "CM"]
[WhiteElo "2172"]
[BlackElo "2204"]

1. e4 c5 2. Nf3 Nc6 3. Bb5 g6 4. O-O Bg7 5. Re1 Nf6 6. e5 Nd5 7. Nc3 Nc7 8. Bxc6
dxc6 9. Ne4 Ne6 10. d3 O-O 11. Be3 b6 12. Qd2 Nd4 13. Nxd4 cxd4 14. Bh6 Bxe5 15.
Bxf8 Qxf8 16. f4 Bg7 17. a4 c5 18. b4 cxb4 19. Qxb4 e5 20. Nd6 e4 21. dxe4 d3
22. e5 dxc2 23. Rac1 Be6 24. Rxc2 f6 25. Qe4 fxe5 26. fxe5 Rd8 27. Rc7 Kh8 28.
Rf1 Qg8 29. Nf7+ Bxf7 30. Rcxf7 Qe8 31. e6 Rd4 32. Rf8+ Bxf8 33. Qxd4+ Kg8 34.
Qd7 Bc5+ 35. Kh1 Qxd7 36. exd7 Be7 37. Rd1 Bd8 38. Re1 Kf7 39. Re8 1-0

[Event "Druzynowe Mistrzostwa Polski w Szachach I LIGA 2021"]
[Site "Szklarska Poreba"]
[Date "1899-12-30"]
[Round "7.36"]
[White "Michna, Marta"]
[Black "Kroliczek, Gabriela"]
[Result "1-0"]
[WhiteTitle "WGM"]
[BlackTitle "k"]
[WhiteElo "2323"]
[BlackElo "1889"]

1. e4 e6 2. b3 d5 3. Bb2 Nf6 4. e5 Nfd7 5. f4 c5 6. Nf3 Nc6 7. g3 Be7 8. Bg2 b5
9. O-O Qb6 10. Kh1 O-O 11. d3 a5 12. Qe2 Rb8 13. Nbd2 c4 14. g4 Ba6 15. f5 Rfe8
16. f6 gxf6 17. exf6 Bd6 18. Ng5 Nde5 19. Ndf3 Ng6 20. Nxf7 Bf4 21. N7e5 Ncxe5
22. Nxe5 Bxe5 23. f7+ 1-0

[Event "Druzynowe Mistrzostwa Polski w Szachach I LIGA 2021"]
[Site "Szklarska Poreba"]
[Date "1899-12-30"]
[Round "7.37"]
[White "Klekowski, Maciej"]
[Black "Bobula, Mateusz"]
[Result "0-1"]
[WhiteTitle "GM"]
[BlackTitle "IM"]
[WhiteElo "2510"]
[BlackElo "2329"]

1. c4 c5 2. Nc3 Nf6 3. g3 Nc6 4. Bg2 g6 5. Nf3 Bg7 6. d4 cxd4 7. Nxd4 O-O 8. O-O
Nxd4 9. Qxd4 d6 10. Rd1 a6 11. Qh4 Qc7 12. Bg5 Be6 13. Rac1 Rfc8 14. b3 Rab8 15.
c5 Qa5 16. Na4 dxc5 17. Bf4 h6 18. Bd2 Qxd2 19. Rxd2 g5 20. Qh3 Bxh3 21. Bxh3
g4 22. Bg2 b6 23. h3 gxh3 24. Bxh3 Rc7 25. Rcd1 b5 26. Rd8+ Rxd8 27. Rxd8+ Bf8
28. Nc3 e6 29. e3 c4 30. bxc4 Rxc4 31. Rd3 b4 32. Na4 Rc2 33. Bg2 Rxa2 34. Bc6
Ng4 35. f4 Ra3 36. Rxa3 bxa3 37. Nc3 Nxe3 38. Na2 Bc5 39. Ba4 Nc2+ 40. Kg2 Nb4
41. Nxb4 Bxb4 42. Bb3 Kg7 43. g4 f5 44. Kg3 Kf6 45. Kf3 Bd2 46. Ba2 Bc1 47. Bb3
e5 48. fxe5+ Kxe5 49. gxf5 Kxf5 0-1

[Event "Druzynowe Mistrzostwa Polski w Szachach I LIGA 2021"]
[Site "Szklarska Poreba"]
[Date "1899-12-30"]
[Round "7.38"]
[White "Toczek, Grzegorz"]
[Black "Barski, Radoslaw"]
[Result "0-1"]
[WhiteTitle "FM"]
[BlackTitle "IM"]
[WhiteElo "2271"]
[BlackElo "2442"]

1. e4 e5 2. Nf3 Nc6 3. Nc3 Nf6 4. d4 exd4 5. Nxd4 Bb4 6. Nxc6 bxc6 7. Bd3 O-O 8.
O-O Re8 9. Qf3 Rb8 10. Bg5 Bd6 11. Bxf6 Qxf6 12. Qxf6 gxf6 13. Rab1 Be5 14. Nd1
d5 15. exd5 cxd5 16. Ne3 c6 17. b3 Bc3 18. Nd1 Ba5 19. Ne3 Be6 20. c4 d4 21. Nc2
c5 22. a3 Bc3 23. b4 Rbc8 24. b5 Re7 25. Na1 Bg4 26. f3 Bh5 27. Nb3 Bg6 28. Rbd1
Re3 29. Nc1 Ba5 30. Bxg6 hxg6 31. Rd3 Re6 32. Nb3 Bc3 33. Kf2 a6 34. a4 f5 35.
Kg3 Be1+ 36. Kf4 f6 37. g4 g5+ 38. Kxf5 Kf7 39. f4 Bh4 40. Nxd4 cxd4 41. Rxd4
Re7 42. Rb1 Rc5+ 43. Rd5 Rxc4 44. fxg5 Bxg5 45. Rf1 Rce4 0-1

[Event "Druzynowe Mistrzostwa Polski w Szachach I LIGA 2021"]
[Site "Szklarska Poreba"]
[Date "1899-12-30"]
[Round "7.39"]
[White "Karolczuk, Iwo"]
[Black "Kyc, Jerzy"]
[Result "1-0"]
[WhiteTitle "k+"]
[BlackTitle "m"]
[WhiteElo "2383"]
[BlackElo "2252"]

1. e4 e5 2. Nf3 Nf6 3. Nxe5 d6 4. Nf3 Nxe4 5. Nc3 Nxc3 6. dxc3 Be7 7. Be3 O-O 8.
Qd2 Nc6 9. O-O-O Bf5 10. Nd4 Nxd4 11. cxd4 d5 12. f3 c6 13. g4 Be6 14. h4 b5 15.
Bd3 a5 16. g5 b4 17. h5 Qb8 18. g6 Bf6 19. Rdg1 c5 20. Bf4 Qb6 21. h6 fxg6 22.
hxg7 Bxg7 23. Qh2 Rxf4 24. Qxf4 c4 25. Bxg6 hxg6 26. Rxg6 Ra7 27. Qe5 b3 28. axb3
Re7 29. Rhg1 Kf8 30. Rxg7 Bf7 31. Rxf7+ Rxf7 32. Qh8+ Ke7 33. Re1+ Kd6 34. Qe5+
Kc6 35. Qe6+ 1-0

[Event "Druzynowe Mistrzostwa Polski w Szachach I LIGA 2021"]
[Site "Szklarska Poreba"]
[Date "1899-12-30"]
[Round "7.40"]
[White "Sernecki, Franciszek"]
[Black "Przewoznik, Jan"]
[Result "1-0"]
[WhiteTitle "FM"]
[BlackTitle "IM"]
[WhiteElo "2211"]
[BlackElo "2309"]

1. d4 Nf6 2. c4 e6 3. Nf3 d5 4. Nc3 Nbd7 5. e3 c6 6. Bd3 Bd6 7. e4 dxe4 8. Nxe4
Nxe4 9. Bxe4 Nf6 10. Bc2 Bb4+ 11. Bd2 Qa5 12. O-O Bxd2 13. Nxd2 O-O 14. a3 e5
15. b4 Qc7 16. dxe5 Qxe5 17. Re1 Qd4 18. Ne4 Qxd1 19. Nxf6+ gxf6 20. Raxd1 Be6
21. Rd4 h6 22. Red1 a5 23. f4 axb4 24. axb4 f5 25. g4 fxg4 26. f5 Bc8 27. Rxg4+
Kh8 28. Rg2 Rg8 29. Be4 Rxg2+ 30. Kxg2 Kg7 31. Rd6 Kf8 32. Rxh6 Ke7 33. Rh8 Ra2+
34. Kg3 Bd7 35. Rb8 b5 36. Rb7 Kd8 37. cxb5 cxb5 38. Rb8+ Ke7 39. Rb6 Ra3+ 40.
Kf4 Rh3 41. f6+ Kd8 42. Rb8+ Kc7 43. Rb7+ 1-0

[Event "Druzynowe Mistrzostwa Polski w Szachach I LIGA 2021"]
[Site "Szklarska Poreba"]
[Date "1899-12-30"]
[Round "7.41"]
[White "Walter, Szymon"]
[Black "Gesicki, Jacek"]
[Result "1/2-1/2"]
[WhiteTitle "FM"]
[BlackTitle "FM"]
[WhiteElo "2284"]
[BlackElo "2166"]

1. e4 c5 2. Nc3 Nc6 3. f4 g6 4. Nf3 Bg7 5. Bb5 Nd4 6. O-O a6 7. Bc4 e6 8. d3 Ne7
9. Nxd4 cxd4 10. Ne2 d5 11. Bb3 dxe4 12. dxe4 O-O 13. c3 dxc3 14. Nxc3 b5 15.
Qe2 Bb7 16. Be3 b4 17. Na4 Bxe4 18. Rfd1 Bd5 19. Nb6 Rb8 20. Qf2 Qc7 21. Nxd5
Nxd5 22. Bxd5 exd5 1/2-1/2